| 000 | 00000nam 2200000za 4500 |
| 001 | 9.853734 |
| 003 | CaOODSP |
| 005 | 20250403110038 |
| 007 | cr ||||||||||| |
| 008 | 180315s1986 onc o f000 0 fre d |
| 020 | |z0-660-91605-3 |
| 040 | |aCaOODSP|bfre |
| 043 | |an-cn--- |
| 086 | 1 |aCS12-570/1986F-PDF |
| 245 | 00|aClassification canadienne type des industries pour compagnies et entreprises, 1980 |h[ressource électronique]. |
| 260 | |aOttawa : |bStatistique Canada, |c1986. |
| 300 | |aiii, 435 p. |
| 500 | |aPubl. aussi en anglais sous le titre : Canadian Standard Industrial Classification for Companies and Enterprises, 1980. |
| 500 | |a« Mars 1986. » |
| 500 | |aÉdition numérisée de l'imprimé [par Statistique Canada]. |
| 520 | |a« Ce manuel présente la première édition de la Classification canadienne type des industries pour les statistiques de compagnies et d'entreprises (CTI-C). Il constitue un complément à la Classification type des industries pour les statistiques d'établissement (CTI-E) qui était, jusqu'à maintenant, la seule source officielle pour la classification et la publication des statistiques économiques par industries. » -- Préface. |
| 530 | |aÉgalement publ. en version imprimée. |
| 692 | 07|2gccst|aIndustrie |
| 692 | 07|2gccst|aClassification |
| 710 | 2 |aStatistique Canada. |
| 775 | 08|tCanadian Standard Industrial Classification for Companies and Enterprises, 1980 |w(CaOODSP)9.853731 |
| 856 | 40|qPDF|s44.65 Mo|uhttps://publications.gc.ca/collections/collection_2017/statcan/CS12-570-1986-fra.pdf |